Polynesian plant studies 6-18 / (Record no. 81665)
[ view plain ]
| 000 -LEADER | |
|---|---|
| fixed length control field | 01427cam2a220031301 4500 |
| 001 - CONTROL NUMBER | |
| control field | lce01322628 |
| 008 - FIXED-LENGTH DATA ELEMENTS--GENERAL INFORMATION | |
| fixed length control field | 810519s1981 dcua b 000 0 eng d |
| 010 ## - LIBRARY OF CONGRESS CONTROL NUMBER | |
| LC control number | gp 81007076 |
| 035 ## - SYSTEM CONTROL NUMBER | |
| System control number | (Sirsi) r37251 |
| 035 ## - SYSTEM CONTROL NUMBER | |
| System control number | (OCoLC)7429624 81051 |
| 035 ## - SYSTEM CONTROL NUMBER | |
| System control number | (DLC)gp 81007076 |
| 035 ## - SYSTEM CONTROL NUMBER | |
| System control number | (UPRA)lce01322628 |
| 040 ## - CATALOGING SOURCE | |
| Original cataloging agency | GPO |
| Transcribing agency | GPO |
| 043 ## - GEOGRAPHIC AREA CODE | |
| Geographic area code | pops--- |
| 074 ## - GPO ITEM NUMBER | |
| GPO item number | 910-E |
| 086 0# - GOVERNMENT DOCUMENT CLASSIFICATION NUMBER | |
| Classification number | SI 1.29:47 |
| 100 1# - MAIN ENTRY--PERSONAL NAME | |
| Personal name | Fosberg, F. Raymond (Francis Raymond), 1908- |
| Fuller form of name | Fosberg, F. Raymond (Francis Raymond), 1908- |
| Dates associated with a name | Fosberg, F. Raymond (Francis Raymond), 1908- |
| Linkage | A99211.1 |
| 245 10 - TITLE STATEMENT | |
| Title | Polynesian plant studies 6-18 / |
| Statement of responsibility, etc. | F. Raymond Fosberg and Marie-Helene Sachet. |
| 260 ## - PUBLICATION, DISTRIBUTION, ETC. | |
| Place of publication, distribution, etc. | Washington, D.C. : |
| Name of publisher, distributor, etc. | Smithsonian Institution, |
| Date of publication, distribution, etc. | 1981. |
| 490 1# - SERIES STATEMENT | |
| Series statement | Smithsonian contributions to botany ; number 47 |
| 500 ## - GENERAL NOTE | |
| General note | "The paper is a continuation of Polynesian Plant Studies 1-5, Smithsonian Contributions to Botany, number 21, July 1975, and is precursory to floristic studies in Polynesia"--T.p. verso. |
| 504 ## - BIBLIOGRAPHY, ETC. NOTE | |
| Bibliography, etc. note | Bibliography: p. 38. |
| 650 #0 - SUBJECT ADDED ENTRY--TOPICAL TERM | |
| Topical term or geographic name entry element | Botany -- Polynesia -- Classification. |
| Geographic subdivision | Botany -- Polynesia -- Classification. |
| General subdivision | Botany -- Polynesia -- Classification. |
| Linkage | S71630.1 |
| 700 1# - ADDED ENTRY--PERSONAL NAME | |
| Personal name | Sachet, Marie-Helene. |
| Linkage | A99212.1 |
| 710 2# - ADDED ENTRY--CORPORATE NAME | |
| Corporate name or jurisdiction name as entry element | Smithsonian Institution. |
| Linkage | A6981.1 |
| 830 #0 - SERIES ADDED ENTRY--UNIFORM TITLE | |
| Uniform title | Smithsonian contributions to botany ; |
| Volume/sequential designation | no. 47. |
| Linkage | S1367.1 |
| 949 ## - LOCAL PROCESSING INFORMATION (OCLC) | |
| a | QK473 |
| w | lcc |
| i | 33729000221346 |
| m | MAIN |
| p | 2500 |
| t | BOOK |
| l | ON-SHELF |
No items available.